| 000 | 01049cam a2200325 i 4500 | ||
|---|---|---|---|
| 999 |
_c150804 _d27658 |
||
| 001 | 150804 | ||
| 003 | TR-AnTOB | ||
| 005 | 20240104095656.0 | ||
| 007 | ta | ||
| 008 | 080523s1968 tu d r 000 0 tur d | ||
| 040 |
_aTR-AnTOB _beng _erda _cTR-AnTOB |
||
| 041 | 0 | _atur | |
| 050 | _aHD9490.T92 | ||
| 090 | _aHD9490.T92 | ||
| 099 | _aTOBB YAG 1968 | ||
| 111 | 2 |
_aYağ Sanayii Semineri _n(5. : _d1967 : _cAdana) _965658 |
|
| 245 | 1 | 0 | _a5.yağ sanayii semineri, Adana 1967. |
| 264 | 1 |
_aAnkara : _bTürkiye Ticaret Odaları, Sanayi Odaları ve Ticaret Borsaları Birliği, _c1968. |
|
| 300 |
_a232 pages : _btables, graphics ; _c24 cm |
||
| 336 |
_atext _btxt _2rdacontent |
||
| 337 |
_aunmediated _bn _2rdamedia |
||
| 338 |
_avolume _bnc _2rdacarrier |
||
| 650 | 7 |
_aYağ endüstrisi _zTürkiye _vKongreler _2etuturkob _965793 |
|
| 710 | 2 |
_aTürkiye Ticaret Odaları, Sanayi Odaları ve Ticaret Borsaları Birliği _965593 |
|
| 902 | _aTA02483 (013972) | ||
| 903 | _aTOBB Yayınları Arşivi | ||
| 942 |
_2lcc _cBK |
||
| 945 | _aAY | ||